01635nam a2200325 a 450000100100000000500170001000800410002704000250006808200160009324501020010926000630021130000280027449000150030250000390031770000320035670000330038870000320042170000340045370000340048770000320052183000220055304900090057595201260058495201260071095201110083695201170094795201110106495201170117599900170129200001664120200929164936.0100308s1986 dr 000 0 spa d aDO-SdBNPbengcBNPHU axxxxbS837r00aSteps in reading growth /cAngela M. de García ... [et. al] ; corrección Manacet Rodríguez. aSantiago de los Caballeros, República Dominicana,c1986. axxvii, 102 p. ;c28 cm.1 aCátedras aLa biblioteca posee el libro 1 y 21 aS. Tavares, Rossy de9369671 aR. Torres, Virgina de9369681 aM. Veras, Rosario de9369691 aP. Villamil, Frieda de9369701 aF. Wachsmann, Heddy de9369711 aRodríguez, Manacet936972 0aCátedras936973 aBNPD 001054708PDaGRbGRcCTd2010-07-15iLF1l0olibro 1, e. 3p16641-30r2020-06-25w2020-06-25yLFPDZPréstamo en sala 001054708PDaGRbGRcCTd2010-07-15iLF1l0olibro 1, e. 4p16641-40r2020-06-25w2020-06-25yLFPDZPréstamo en sala 0010718PDaPDbPDcCTd2010-03-08iLF1l0olibro 1p16641-10r2020-06-25w2020-06-25yLFPDZNo se presta 0010718PDaPDbPDcCTd2010-03-08iLF1l0olibro 1, e. 2p16641-20r2020-06-25w2020-06-25yLFPDZNo se presta 0010718PDaPDbPDcCTd2010-07-15iLF1l0olibro 2p16641-50r2020-06-25w2020-06-25yLFPDZNo se presta 0010718PDaPDbPDcCTd2010-07-15iLF1l0olibro 2, e. 2p16641-60r2020-06-25w2020-06-25yLFPDZNo se presta c16174d16174